01246cam a2200277 a 450000100060000000300080000600500170001400800410003103500190007204000410009104100080013208200170014010000640015724501360022126000450035730000730040249000680047550400300054350500910057365000600066470000360072483000440076094200120080499900170081695201350083324093BD-RjUL20211209001017.0140312s1961 enkabf 001 0 eng d a(BD-RjUL)24159 aOUNdOCLdEQOdBD-RjULbengcBD-RjUL aeng a940.544bWES1 aWebster, Charles K.q(Charles Kingsley),d1886-1961.97422714aThe strategic air offensive against Germany, 1939-1945 /cby Charles Webster and Noble FranklandnVolume IVpAnnexes and Appendices aLondon :bH.M. Stationery Office,c1961. axiii,529 p. :billus., ports., maps (part fold., part col.) ;c25 cm1 aHistory of the Second World War. United Kingdom military series aBibliographical footnotes0 av. 1. Preparation -- v. 2. Endeavour -- v. 3. Victory -- v. 4. Annexes and appendices. 0aWorld War, 1939-1945xAerial operations, British9673821 aFrankland, Noble,d1922-974228 0aHistory of the Second World War.974231 2ddccBK c24093d24093 00102ddc40708NFICaRUCLbRUCLcStackd1967-03-30eAmssiong31.50l0o940.544 WES V-4r2014-03-12 00:00:00tC-1w2014-03-12yBK